|
|
|
|
| LEADER |
00000nab a2200000uu 4500 |
| 001 |
vtls011152905 |
| 003 |
SK-MaSNL |
| 005 |
20260303111813.0 |
| 008 |
230121|1961 xo |||||||||||||||||slo| |
| 015 |
|
|
|a SNBRB
|
| 035 |
|
|
|a (urnnbn)urn:nbn:sk:snk:ar-a0a4oj
|
| 035 |
|
|
|a (uuid)6fc2c125-4d33-4ccf-ac7b-51eb191a9749
|
| 035 |
|
|
|a urn:nbn:sk:snk-abb1zu
|
| 040 |
|
|
|a SNKBUCL
|b slo
|c SNKBUCL
|e AACR2
|
| 041 |
0 |
|
|a slo
|
| 044 |
|
|
|a xo
|c SK
|
| 100 |
1 |
|
|a Urbancová, Ľudmila
|4 aut
|9 1118889
|
| 245 |
1 |
0 |
|a Aparatúra na meranie medzí výbušnosti
|c Ľudmila Urbancová
|
| 773 |
0 |
|
|t Ropa a uhlie : technológia ropy a uhľovodíkových plynov, chemické zužitkovanie uhlia, palivá, technika mazania
|g Roč. 3(11), č. 10 (1961), s. 307-308
|
| 954 |
|
|
|a odborná, vedecká literatúra pôvodná (slovenská)
|2 lita
|
| 958 |
|
|
|a OND
|
| 958 |
|
|
|a EUIPO
|
| 958 |
|
|
|a article14
|
| 999 |
|
|
|c 1879713
|d 1881643
|